| 000 | 01240nam0a22002891 4500 | ||
|---|---|---|---|
| 001 | RU\NLR\INFOCOMM_195\5000031491 | ||
| 005 | 20260406110637.0 | ||
| 035 | _a(NLR Aleph) 009116694 | ||
| 090 |
_a8194212 _c8194212 |
||
| 100 | _a20090217d1990 |||y0rusy50 ca | ||
| 101 | 0 | _ager | |
| 102 | _aRU | ||
| 105 | _ay ||||000|y | ||
| 200 | 1 |
_aBesuch von Michail Gorbatschows in Kanada, 29. - 30. Mai 1990 _eDok. u. Materialien |
|
| 210 |
_aΜ. _cNovosti _d1990 |
||
| 215 |
_a24 с. _d19 см |
||
| 300 | _aНа обороте тит. л.: Визит М. С. Горбачева в Канаду, 29-30 мая 1990 г.: Документы и материалы | ||
| 607 |
_aКанада _xВзаимоотношения с СССР _z1990 _jДокументы и материалы _2nlr_sh1 |
||
| 607 |
_aСССР _xВзаимоотношения с Канадой _z1990 _jДокументы и материалы _2nlr_sh1 |
||
| 686 |
_aТ3(7К)63-64(2) _2rubbk |
||
| 686 |
_aТ3(2)74-64(7К) _2rubbk |
||
| 702 | 1 |
_4570 _8rus _7ba _aGorbačev _bM. S. _cгос. деятель _f1931-2022 _gMichail Sergeevič _3RU\NLR\AUTH\77110387 _993312 |
|
| 801 | 1 |
_aRU _bNLR _c20090217 |
|
| 801 | 0 |
_aRU _bNLR _gPSBO |
|
| 852 |
_aNLR _jИ25 Д-4/644 |
||
| 942 | _cBOOK | ||
| 980 | _aNB | ||